000 00351nam a2200145Ia 4500
008 210719s1870 xx 000 0 und d
041 _aeng
082 _a823.01 EVAS
100 _aEVANS (C S)
245 _aStories from the earthly paradise.
260 _aLondon
_bEdward Arnold
_c1870
300 _bHB
365 _cRs
650 _aEnglish Fiction
999 _c214206
_d214206